000 00322nam a2200145Ia 4500
008 230524s9999 xx 000 0 und d
082 _a5.133
_bLUT
100 _aMark Lutz
_943949
245 0 _aPython (Programming)
250 _a1
260 _bSPD
500 _aQuantity Number: 1
650 _aComp.Sc
942 _cBK
999 _c59572
_d59572